| 000 | 00541nam a22002177a 4500 | ||
|---|---|---|---|
| 003 | OSt | ||
| 005 | 20240715145958.0 | ||
| 008 | 121113t xxu||||| |||| 00| 0 eng d | ||
| 020 | _a0439446155 | ||
| 050 |
_aPZ 7 _b.B146d6 2002 |
||
| 100 |
_aBaglio, Ben M. _95246 |
||
| 245 |
_aDolphin Diaries _bRacing the wind _cBy Ben M. Baglio |
||
| 260 |
_aNew York _bScholastic Inc _c2001. |
||
| 300 |
_g19 cm. _a156 p. : |
||
| 526 | _c670 | ||
| 942 |
_2lcc _cBK |
||
| 999 |
_c34365 _d34365 |
||